Statistiques concernant Harry Potter: la Bataille de Poudlard

Cliquez ici pour prendre le quiz!

Statistiques générales

  • Ce quiz a été pris 194 fois
  • Le résultat moyen est 46 sur 76

Statistiques - réponses

InformationRéponses% Correct
Participant connu (CH)Harry Potter
98%
Participant connu (CH)Hermione Granger
95%
Lieu Poudlard
95%
Participant connu (CH)Ron Weasley
95%
Participant connu (CH)Fred Weasley
93%
Participant connu (CH)George Weasley
92%
Participant connu (CH)Molly Weasley
92%
Participant connu (CH)Arthur Weasley
91%
Dernière apparitionHarry Potter et les Reliques de la Mort
90%
Première apparitionHarry Potter et les Reliques de la Mort
90%
Participant connu (CV)Lord Voldemort
90%
Participant connu (CH)Ginny Weasley
88%
Participant connu (CH)Neville Londubat
88%
Participant connu (CH)Bill Weasley
87%
Participant connu (CH)Katie Bell
87%
Participant connu (CH)Luna Lovegood
86%
Participant connu (CH)Minerva McGonagall
86%
Participant connu (CH)Nymphadora Tonks
86%
Participant connu (CH)Remus Lupin
86%
Participant connu (CV)Lucius Malefoy
85%
Participant connu (CV)Drago Malefoy
84%
Participant connu (CV)Bellatrix Lestrange
83%
Participant connu (CV)Narcissa Malefoy
83%
Participant connu (CH)Severus Rogue
83%
Participant connu (CH)Seamus Finnigan
80%
Participant connu (CH)Dean Thomas
79%
Participant connu (CH)Cho Chang
78%
Participant connu (CH)Filius Flitwick
78%
Participant connu (CH)Charlie Weasley
77%
Participant connu (CH)
Percy Weasley
77%
Participant connu (CH)Lavande Brown
75%
Participant connu (CV)Gregory Goyle
74%
Participant connu (CH)Rubeus Hagrid
74%
Participant connu (CV)Vincent Crabbe
73%
Participant connu (CV)Vincent Crabbe
73%
Participant connu (CH)Fleur Delacour
72%
Participant connu (CH)Horace Slughorn
68%
Participant connu (CH)Colin Crivey
66%
Participant connu (CH)Angelina Johnson
65%
Participant connu (CH)Pomona Chourave
64%
Participant connu (CV)Fenrir Greyback
63%
Participant connu (CH)Abelforth Dumbledore
61%
Participant connu (CH)Kingsley Shacklebolt
59%
Participant connu (CH)Padma Patil
59%
Participant connu (CH)Parvati Patil
59%
Participant connu (CH)Olivier Dubois
54%
Participant connu (CV)Antonin Dolohov
53%
Participant connu (CH)Alicia Spinnet
50%
Participant connu (CV)Nagini
49%
Participant connu (CV)Blaise Zabini
47%
Participant connu (CH)Sibylle Trelawney
47%
Participant connu (CH)Dennis Crivey
44%
Participant connu (CH)Hannah Abbot
43%
Participant connu (CH)Ernie Macmillan
42%
Date 2 mai 1998
41%
Participant connu (CH)Graup
41%
Participant connu (CH)Lee Jordan
39%
Participant connu (CH)Firenze
36%
Participant connu (CH)Justin Finch-Fletchley
32%
Participant connu (CV)Yaxley
32%
Participant connu (CH)Kreattur
30%
Participant connu (CH)Susan Bones
29%
Participant connu (CV)Pius Thicknesse
23%
Participant connu (CV)Walden Macnair
23%
Participant connu (CH)Augusta Londubat
22%
Participant connu (CH)Buck
21%
Participant connu (CH)Michael Corner
21%
Participant connu (CH)Bane
20%
Participant connu (CV)Augustus Rookwood
19%
Participant connu (CH)Anthony Goldstein
18%
Participant connu (CH)Marietta Edgecombe
15%
Participant connu (CH)Peeves
15%
Participant connu (CH)Magorian
14%
Participant connu (CH)Winky
14%
Participant connu (CV)Travers
12%
Participant connu (CH)Rionach O'Neal
5%

Distribution des résultats

Percentile par nombre de réponses

% des personnes avec chaque résultat

Votre développement - résultats

Vous n’avez pas pris ce quiz